| 000 | 01264nam a2200337 a 4500 | ||
|---|---|---|---|
| 001 | 000114949 | ||
| 003 | CHAP | ||
| 005 | 20220329144505.0 | ||
| 008 | 180816s2018 mx a |sm |||||||spa d | ||
| 010 | _a111410 | ||
| 011 | _a112382 | ||
| 040 | _cCHAP | ||
| 090 | _aTesis | ||
| 100 | 1 |
_aGallegos Castañón, Cuauhtémoc. _9135343 |
|
| 245 | 1 | 0 |
_aDiagnóstico del estatus zoo sanitario de tuberculosis y bruselosis en el hato bovino del CSAEGRO _h[En línea] _cpor Cuauhtémoc Gallegos Castañon. |
| 260 |
_aCocula, Gro. : _bEl autor, _c2018. |
||
| 500 | _aPara ver el contenido del material haga clic en la liga | ||
| 502 | _aTesis (Ing. Agr. Zootecnista) -- Colegio de EstudiosAgropecuario del Estado de Guerrero | ||
| 590 |
_aBATCH-UPD _b05 _c20180816 _lUCH01 _h1342 |
||
| 590 |
_aE6339RRR _b05 _c20180816 _lUCH01 _h1342 |
||
| 590 |
_aE6339RRR _b05 _c20180816 _lUCH01 _h1407 |
||
| 590 |
_aE6339RRR _b05 _c20180816 _lUCH01 _h1410 |
||
| 650 | 1 | 4 |
_aBrucelosis bovina _xPrevención. _9133512 |
| 650 | 1 | 4 |
_aGanado vacuno _xEnfermedades. _945460 |
| 650 | 1 | 4 |
_aGanado vacuno _xRazas. _945509 |
| 650 | 1 | 4 |
_aTuberculosis en ganado. _9115475 |
| 856 |
_aFinding aid _uhttp://10.13.5.2/tesis/sist114949.pdf _zTeclea aquí |
||
| 901 | _aBK | ||
| 942 | _cTESIS | ||
| 942 | _n0 | ||
| 999 |
_c111410 _d111410 |
||